Statistics for Glenn Perkins Trivia #1

Click here to take the quiz!

General Stats

  • This quiz has been taken 18 times
  • The average score is 9 of 31

Answer Stats

HintAnswer% Correct
What year did Glenn Perkins disappear?2001
80%
What artistic movement was Glenn Perkins notably a critic of?Romanticism
80%
Who is his spouse?Gwen Perkins
60%
Glenn Perkins is an ambassador for which brand of steroid balls?Jim's Balls
60%
Glenn Perkins was a strong supporter of who's atomic model?Niels Bohr
60%
What is Glenn Perkins' favourite film starring Nicholas Cage?Willy's Wonderland
60%
What now common food product is Glenn Perkins not rightfully credited for inventing?Gelatin
40%
What country did Glenn Perkins' traverse directly across on foot in just under 3 days?North Korea
40%
Who was his mentor?Sun Tzu
40%
Glenn Perkins is the owner of Glennco Gym and would like to expand his target market reach. What promotional strategies could he use to do so? (4 marks)2011 YouTube vlogs
20%
Perkins' wedding ring was discovered two days after his disappearance in a confusing location. Where was it?911 wreckage
20%
What broadcasting agency did Glenn Perkins work for during his life?ABC
20%
Which Catholic Archbishop did he infamously beat in a fist fight?Archbishop of Westminster
20%
In what bone did he suffer an immense fracture while boar hunting in the French region of southern Bordeaux?Collarbone
20%
What type of gymnastics move did Glenn popularise to do while crossing busy motorways?Forward roll
20%
What is Glenn Perkins' most famous non-fiction book?Freedom rides: A brief history
20%
What is Glenn Perkins' full name?Glennjamin Chadstopher Perkins Sr
20%
Where was Glenn Perkins born?Indus Valley River Civilization
20%
Where is Glenn Perkins' final resting place?In our hearts
20%
What are the names of all of his grandchildren?Kenn, Jenn, Benn, Glenn Jr, Glenn Sr II
20%
Glenn Perkins built and owns a 50 acre property in southern France. What is the name of the Chateau on the property?Le Petit Barreau
20%
Where did he go missing?Logan Airport
20%
Glenn Perkins was the mastermind behind which global cyber attack?MYDOOM
20%
He was the first person to try what kind of milk?Pasteurised
20%
Glenn Perkins sightings have continued for decades since his disappearance. In which South American region were the sightings?Patagonian wilderness
20%
Glenn Perkins was the first and only person to do what activity in the nude?Spacewalk
20%
He was the first transvestite to go down which waterfall in a barrel?Sutherland Falls
20%
Glenn Perkins is one of the co-founders of which free online encyclopedia?Wikipedia
20%
What were his last recorded words a day before his disappearance?"Yes Mr. Bush"
20%
What famous astronomer did Glenn Perkins meet in a French owned bakery in the South West of the Eastern region of Burundi while on a mindfullness body and soul trip paid for by George Washington's late grand-niece?Henrietta Swan Leavitt
0%
What shire war was he involved in?The Great War of Helensburg
0%

Score Distribution

Percentile by Number Answered

Percent of People with Each Score

Your Score History

You have not taken this quiz